MARC details
| 000 -CABECERA |
| campo de control de longitud fija |
02160ngm a22004214i 4500 |
| 001 - NÚMERO DE CONTROL |
| campo de control |
991061312102406706 |
| 003 - IDENTIFICADOR DEL NÚMERO DE CONTROL |
| campo de control |
ES-BaIT |
| 005 - FECHA Y HORA DE LA ÚLTIMA TRANSACCIÓN |
| campo de control |
20260416130957.0 |
| 008 - DATOS DE LONGITUD FIJA--INFORMACIÓN GENERAL |
| campo de control de longitud fija |
250408s2007 xxu||| |-|||||q|| vleng|c |
| 024 4# - IDENTIFICADOR DE OTROS ESTÁNDARES |
| Número estándar o código |
089948440796 |
| 028 40 - NÚMERO DE EDITOR O DISTRIBUIDOR |
| Número de editor o de distribuidor |
4407 |
| Fuente |
VAI |
| 040 ## - FUENTE DE LA CATALOGACIÓN |
| Centro catalogador/agencia de origen |
ES-BaIT |
| Lengua de catalogación |
cat |
| Normas de descripción |
rda |
| Centro/agencia transcriptor |
ES-BaIT |
| 041 0# - CÓDIGO DE LENGUA |
| Código de lengua del texto/banda sonora o título independiente |
eng |
| Código de lengua de los subtítulos |
eng |
| 080 ## - NÚMERO DE LA CLASIFICACIÓN DECIMAL UNIVERSAL |
| Número de la Clasificación Decimal Universal |
793.4(086.8) |
| 130 0# - ENTRADA PRINCIPAL--TÍTULO UNIFORME |
| Título uniforme |
Don Quixote (Coreografia : Gorski a partir de Petipa) |
| 9 (RLIN) |
146126 |
| 245 10 - MENCIÓN DE TÍTULO |
| Título |
Don Quixote / |
| Mención de responsabilidad, etc. |
Bolshoi Ballet ; music by Ludwig Minkus ; choreographer: Alexander Gorsky, after Marius Petipa ; production: Main Music departament with Gosteleradio ; Orchestra of The Bolshoi Ballet |
| 264 #1 - PRODUCCIÓN, PUBLICACIÓN, DISTRIBUCIÓN, FABRICACIÓN Y COPYRIGHT |
| Producción, publicación, distribución, fabricación y copyright |
Pleasantville, NY : |
| Nombre del de productor, editor, distribuidor, fabricante |
Video Artists International Inc, |
| Fecha de producción, publicación, distribución, fabricación o copyright |
2007 |
| 300 ## - DESCRIPCIÓN FÍSICA |
| Extensión |
1 videodisc (113 min+31 min bonus): |
| Otras características físicas |
color, so; |
| Dimensiones |
19 cm |
| 336 ## - TIPO DE CONTENIDO |
| Término de tipo de contenido |
imatge en moviment bidimensional |
| Código de tipo de contenido |
tdi |
| Fuente |
rdacontent |
| 337 ## - TIPO DE MEDIO |
| Nombre/término del tipo de medio |
vídeo |
| Código del tipo de medio |
v |
| Fuente |
rdamedia |
| 338 ## - TIPO DE SOPORTE |
| Nombre/término del tipo de soporte |
videodisc |
| Código del tipo de soporte |
vd |
| Fuente |
rdacarrier |
| 344 ## - CARACTERÍSTICAS DE SONIDO |
| Tipo de grabación |
digital |
| Medio de grabación |
òptic |
| Configuración de los canales de reproducción del sonido |
mono |
| Características especiales de reproducción |
Dolby digital 5.1 |
| Fuente |
rda |
| 346 ## - CARACTERÍSTICAS DE VÍDEO |
| Estándar de emisión |
NTSC |
| 347 ## - CARACTERÍSTICAS DEL ARCHIVO DIGITAL |
| Tipo de archivo |
fitxer vídeo |
| Formato de codificación |
DVD vídeo |
| Codificación regional |
totes les regions |
| Fuente |
rda |
| 500 ## - NOTA GENERAL |
| Nota general |
Format de pantalla (4:3) |
| 505 8# - NOTA DE CONTENIDO CON FORMATO |
| Nota de contenido con formato |
Conté: 1. Don Quixote (complete performance, 1978) / director: Yevgeny Macheret ; Alexander Kopilov, conductor -- 2. Bonus: escenes de Don Quixote (1964) / Youri Fayer, conductor |
| 511 1# - NOTA DE PARTICIPANTES O INTÉRPRETES |
| Nota de participantes o intérpretes |
Ballarins 1978: Nadezha Pavlova (Kitri/Dulcinea), Vyacheslav Gordeev (Basil), Vladimir Levachov (Don Quixote), Vasiliy Vorokhobko (Sancho Panza), Irina Vozianova (Juanita) -- Ballarins 1964: Maya Plisetskaya (Kitri/Dulcinea) , Maris Liepa (Basil), Vladimir Tikhonov (Don Quixote) |
| 546 ## - NOTA DE LENGUA/LENGUAJE |
| Nota de lengua/lenguaje |
DVD amb text en anglès i amb subtítols en anglès |
| 650 #4 - PUNTO DE ACCESO ADICIONAL DE MATERIA--TÉRMINO DE MATERIA |
| Término de materia o nombre geográfico como elemento de entrada |
Dansa clàssica |
| Subdivisión general |
Coreografies |
| 9 (RLIN) |
56589 |
| 655 #4 - TÉRMINO DE INDIZACIÓN--GÉNERO/FORMA |
| Datos o término principal de género/forma |
Dansa filmada |
| 9 (RLIN) |
168293 |
| 700 1# - ENTRADA AGREGADA--NOMBRE PERSONAL |
| Nombre de persona |
Minkus, L., |
| Fechas asociadas al nombre |
1826-1917 |
| Término indicativo de función/relación |
compositor |
| 9 (RLIN) |
33863 |
| 700 1# - ENTRADA AGREGADA--NOMBRE PERSONAL |
| Nombre de persona |
Gorski, Aleksandr Alekseievitx, |
| Fechas asociadas al nombre |
1871-1924 |
| Término indicativo de función/relación |
coreògraf |
| 9 (RLIN) |
94181 |
| 700 1# - ENTRADA AGREGADA--NOMBRE PERSONAL |
| Información de relación/Frase instructiva de referencia |
Adaptació coreogràfica de (obra): |
| Nombre de persona |
Cervantes Saavedra, Miguel de, |
| Fechas asociadas al nombre |
1547-1616. |
| Título de la obra |
Don Quijote de la Mancha |
| 9 (RLIN) |
597 |
| 710 2# - ENTRADA AGREGADA--NOMBRE DE ENTIDAD CORPORATIVA |
| Nombre de entidad corporativa o nombre de jurisdicción como elemento de entrada |
Bol'shoi teatr SSSR. |
| Unidad subordinada |
Balet |
| Término indicativo de función/relación |
ballarí |
| 9 (RLIN) |
66595 |
| 908 ## - COLOCAR PARÁMETRO DE COMANDO (RLIN) |
| Colocar parámetro de comando |
CDMAE |
| 940 ## - EQUIVALENCIA O REFERENCIA-CRUZADA--TÍTULO UNIFORME [OBSOLETO] [solamente CAN/MARC] |
| Título uniforme |
<a href="CDMAE">CDMAE</a> |
| 942 ## - ELEMENTOS DE ENTRADA AGREGADA (KOHA) |
| Fuente del sistema de clasificación o colocación |
Clasificación decimal universal |
| Tipo de ítem Koha |
Vídeo |